Caricamento...

Geography of India/

Dettagli Bibliografici
Autore principale: Husain, Majid
Natura: Printed Book
Lingua:English
Pubblicazione: New Delhi: Tata McGraw Hill, 2013
Edizione:4th ed.
Soggetti:
LEADER 01144nam a22002057a 4500
003 OSt
005 20200624134437.0
008 150508b xxu||||| |||| 00| 0 eng d
020 |a 9781259064036 
082 |a 915.4 HUS/G 
100 |a Husain, Majid 
245 |a Geography of India/  |c Majid Husain  
250 |a 4th ed. 
260 |a New Delhi:  |b Tata McGraw Hill,  |c 2013 
500 |a Contents: 1. Structure of India. 2. Physigraphy. 3. Drainage. 4. Climate. 5. Natural vegitation and national parks. 6. Soils. 7. Resources. 8. Energy resources. 9. Agriculture. 10. Spatial organisation of agriculture. 11. industries. 12. Transport, communications and trade. 13. Cultural setting. 14. Settlement. 15. Regional development and planning. 16. India-political aspects. 17. Contemporary issues.  
650 |a Geography 
942 |2 ddc  |c BK 
999 |c 319281  |d 319281 
952 |0 0  |1 0  |2 ddc  |4 0  |6 915_400000000000000_HUS_G  |7 0  |9 365604  |a CSC  |b CSC  |c ST1  |d 2015-05-08  |i 14102  |l 0  |o 915.4 HUS/G  |p CSC14102  |r 2015-05-08  |w 2015-05-08  |y BK 
952 |0 0  |1 0  |2 ddc  |4 0  |6 915_400000000000000_HUS_G  |7 0  |9 381216  |a CSC  |b CSC  |c ST1  |d 2019-04-04  |i 14744  |l 0  |o 915.4 HUS/G  |p CSC14744  |r 2019-04-04  |y BK